Operations of the Postal Savings System, 1938. Letter from the Postmaster General, Chairman of the Board of Trustees transmitting the report of operations of the Postal Savings System for the fiscal year ended June 30, 1938.

Bibliographic Details
Corporate Authors: United States. Congress. House. Committee on Post Office and Post Roads, ProQuest (Firm), United States. Post Office Department. Postal Savings System
Format: Government Document eBook
Language:English
Published: Washington : [publisher not identified], 1939.
Series:United States congressional serial set.
Subjects:
Online Access:Connect to the full text of this electronic book

MARC

Tag First Indicator Second Indicator Subfields
LEADER 00000cam a22000001a 4500
001 in00002799113
005 20190331182003.0
006 m o d
007 cr bn mmmapmmp
008 091231s1939 dcud o f000 0 eng d
035 |a cis2004336260 
040 |a UMI  |c UMI  |d UtOrBLW 
043 |a n-us--- 
086 0 |a P 19.1:938 
099 |a ProQuest Serial Set Number 10348 H.doc.16 
110 1 |a United States.  |b Congress.  |b House.  |b Committee on Post Office and Post Roads. 
245 1 0 |a Operations of the Postal Savings System, 1938. Letter from the Postmaster General, Chairman of the Board of Trustees transmitting the report of operations of the Postal Savings System for the fiscal year ended June 30, 1938. 
246 1 |a Operations of Postal Savings System, 1938 
264 1 |a Washington :  |b [publisher not identified],  |c 1939. 
300 |a 1 online resource. 
336 |a text  |b txt  |2 rdacontent 
337 |a computer  |b c  |2 rdamedia 
338 |a online resource  |b cr  |2 rdacarrier 
490 0 |a H.doc.16 
500 |a Record is based on bibliographic data in ProQuest U.S. Serial Set Digital Collection (last viewed Dec. 2009). Reuse except for individual research requires license from ProQuest, LLC. 
510 3 |a ProQuest U.S. Serial Set Digital Collection 
500 |a Electronic resource. 
650 0 |a Banks and banking. 
650 0 |a Postal savings banks. 
655 7 |a Electronic books.  |2 local 
710 2 |a ProQuest (Firm) 
710 1 |a United States.  |b Post Office Department.  |b Postal Savings System. 
830 0 |a United States congressional serial set. 
856 4 0 |u http://proxy.library.tamu.edu/login?url=http://congressional.proquest.com/congcomp/getdoc?SERIAL-SET-ID=10348+H.doc.16  |z Connect to the full text of this electronic book  |t 0 
999 |a MARS 
999 f f |s ddb46707-34db-33c2-9a95-b2ba95889831  |i af63da03-5e8f-3d4e-be41-09d86b11a078  |t 0 
952 f f |a Texas A&M University  |b College Station  |c Electronic Resources  |d Available Online  |t 0  |e ProQuest Serial Set Number 10348 H.doc.16  |h Other scheme 
998 f f |a ProQuest Serial Set Number 10348 H.doc.16  |t 0  |l Available Online